书目信息 |
| 题名: |
唐山概况
|
|
| 作者: | 唐山市军队转业干部安置办公室 组织编写 | |
| 分册: | ||
| 出版信息: | 1989 |
|
| 页数: | 129页 | |
| 开本: | 20cm | |
| 丛书名: | ||
| 单 册: | ||
| 中图分类: | D619.224 | |
| 科图分类: | ||
| 主题词: | 政治--中国 | |
| 电子资源: | ||
| ISBN: | ||
| 000 | 00600nam0 2200169 450 | |
| 001 | 0754592125 | |
| 005 | 20070926151043.87 | |
| 100 | @a20070926d1989 km y0chiy0120 ea | |
| 101 | 0 | @achi |
| 200 | 1 | @a唐山概况@Atang shan gai kuang@f唐山市军队转业干部安置办公室组织编写@Ftang shan shi jun dui zhuan ye gan bu an zhi ban gong shi zu zhi bian xie |
| 210 | @d1989 | |
| 215 | @a129页@d20cm | |
| 606 | 0 | @a政治@x中国 |
| 690 | @aD619.224@v3 | |
| 701 | 0 | @a唐山市军队转业干部安置办公室@Atang shan shi jun dui zhuan ye gan bu an zhi ban gong shi@4组织编写 |
| 801 | 0 | @aCN@bPFT@c20070926 |
| 905 | @a10447@dD619.224@e133 | |
| 唐山概况/唐山市军队转业干部安置办公室组织编写.-1989 |
| 129页;20cm |
| ISBN : |
| ● |
| 相关链接 |
|
|
|
|
正题名:唐山概况
索取号:D619.224/133
 
预约/预借
| 序号 | 登录号 | 条形码 | 馆藏地/架位号 | 状态 | 备注 |
| 1 | 0609296 | 206092967 | 第一样本阅览室/ [索取号:D619.224/133] | 在馆 |